000 00751nam a2200289Ia 4500
001 20020
003 IT-RoPAU
008 130308s9999 xx 000 0 und d
040 _aIT-RoPAU
040 _cIT-RoPAU
041 _aITALIANO
100 _aCarano Ranieri
100 _gCodice Aut. SPICS: 8451
245 _aStirpe di Busch (La): i Katzenjammer kids
245 _bEnciclopedia del Fumetto-1
250 _a1a ed.
260 _aMILANO
260 _bMilano Libri
260 _c1969 [1° Ed.:1969 - Ed.Ling.Originale:1965]
300 _a"13 p. (prefazione: no ; testo: 13 [pagine: 17-29])"
650 _aSAGGI SUL FUMETTO
650 _eCodice materia Spics: 6711
942 _cBK
957 _71
999 _c50585
_d50585
999 _bSI
999 _g1